| 000 | 01001cam a22003015a 4500 | ||
|---|---|---|---|
| 999 |
_c21254 _d21226 |
||
| 001 | 016604599 | ||
| 003 | OSt | ||
| 005 | 20190211111053.0 | ||
| 008 | 131206t2014 enka frbd 001 0 eng d | ||
| 020 | _a9781292041902 (pbk.) | ||
| 040 |
_aStDuBDS _beng _cStDuBDS _dUk _dEG-ScBUE |
||
| 082 | 0 | 4 |
_a332.6452 _222 _bHUL |
| 100 | 1 |
_aHull, John, _d1946- _939444 |
|
| 245 | 1 | 0 |
_aFundamentals of futures and options markets / _cJohn C. Hull. |
| 250 | _a8th ed., Pearson new international ed. | ||
| 260 |
_aHarlow : _bPearson Education Limited, _cc.2014. |
||
| 300 |
_aii, 580 p. : _bill. (black and white) ; _c28 cm. |
||
| 490 | 0 | _aPearson custom library. | |
| 500 | _aIndex : p. 573-579. | ||
| 500 | _aGlossary : p. 546-583. | ||
| 500 | _aPrevious edition : 2011. | ||
| 504 | _aIncludes bibliographical references. | ||
| 650 | 7 |
_aFutures market. _2BUEsh _934938 |
|
| 650 | 7 |
_aOptions (Finance) _2BUEsh _934937 |
|
| 651 | _2BUEsh | ||
| 653 |
_bBUSADM _cFebruary2016 _bBUSADM _cFebruary2019 |
||
| 942 | _2ddc | ||